eDoklady ano, ale bankovní identita stále vede

Od januára 2024 môžu občania Českej republiky využívať mobilnú aplikáciu eDoklady, ktorá umožňuje preukazovať totožnosť prostredníctvom digitálnej verzie občianskeho preukazu. Hoci ide o zásadný krok smerom k digitalizácii štátnej správy, zostáva otázkou, ako túto novinku prijímajú finančné inštitúc...

Descrizione completa

Salvato in:
Dettagli Bibliografici
Natura: Capitolo di libro
Lingua:ceco
Soggetti:
Tags: Aggiungi Tag
Nessun Tag, puoi essere il primo ad aggiungerne!!

MARC

LEADER 00000naa a2200000 4500
001 0312346
005 20251017110933.4
041 0 |a cze 
044 |a CZ 
245 1 0 |a eDoklady ano, ale bankovní identita stále vede 
520 |a Od januára 2024 môžu občania Českej republiky využívať mobilnú aplikáciu eDoklady, ktorá umožňuje preukazovať totožnosť prostredníctvom digitálnej verzie občianskeho preukazu. Hoci ide o zásadný krok smerom k digitalizácii štátnej správy, zostáva otázkou, ako túto novinku prijímajú finančné inštitúcie. Sú banky a poisťovne na tento prechod pripravené? Umožňujú klientom využiť eDoklady pri overovaní totožnosti? 
610 2 0 |a banky 
610 2 0 |a aplikácie mobilné 
610 2 0 |a digitalizácia 
610 2 0 |a klienti 
610 2 0 |a inštitúcie finančné